Capitales d'Afrique - Statistiques

Statistiques générales
  • Ce quiz a été pris 732 fois
  • Le résultat moyen est 30 sur 54
Statistiques - réponses
Pays Capitales % Correct
Algérie Alger
99%
Afrique du Sud Pretoria / Le Cap / Bloemfontein
92%
Égypte Le Caire
88%
Maroc Rabat
85%
Tunisie Tunis
84%
Sénégal Dakar
79%
Djibouti Djibouti
78%
Kenya Nairobi
75%
Rép. Dém. du Congo Kinshasa
73%
Mali Bamako
72%
Rép du Congo Brazzaville
69%
Libye Tripoli
69%
Cameroun Yaoundé
69%
Guinée-Bissau Bissau
68%
Madagascar Antananarivo
67%
Burkina Faso Ouagadougou
67%
Sao Tomé-et-Principe Sao Tomé
66%
Côte d'Ivoire Yamoussoukro
66%
Gabon Libreville
63%
Angola Luanda
62%
Éthiopie Addis-Abeba
60%
Ghana Accra
56%
Guinée Conakry
56%
Sierra Leone Freetown
55%
Togo Lomé
55%
Bénin Porto-Novo
53%
Soudan Khartoum
52%
Seychelles Victoria
52%
Niger Niamey
50%
Cap-Vert Praia
50%
Nigeria Abuja
49%
Maurice Port-Louis
49%
Rwanda Kigali
47%
Mauritanie Nouakchott
47%
Namibie Windhoek
45%
Botswana Gaborone
44%
Tchad Ndjamena
44%
Érythrée Asmara
43%
République Centrafricaine Bangui
43%
Zimbabwe Harare
43%
Comores Moroni
43%
Eswatini Mbabane
42%
Somalie Mogadiscio
42%
Gambie Banjul
40%
Tanzanie Dodoma
40%
Malawi Lilongwe
40%
Soudan du Sud Djouba
39%
Ouganda Kampala
39%
Mozambique Maputo
38%
Burundi Gitega
37%
Zambie Lusaka
36%
Liberia Monrovia
35%
Guinée Équatoriale Malabo
33%
Lesotho Maseru
32%
Aucun quiz correspondant
Distribution des résultats
% des personnes avec chaque résultat
Percentile par nombre de réponses
Votre historique - résultats
Vous n’avez pas pris ce quiz